Stati per Età mediana - Asia - Statistics

Statistiche generali
  • Questo quiz è stato fatto 4 volte
  • Il punteggio medio è 7 su 10
Statistiche sulle risposte
Età mediana (anni) Nazione % Corretto
38,4 Cina
100%
48,6 Giappone
100%
39,0 Thailandia
100%
36,6 Armenia
67%
37,9 Cipro
67%
43,2 Corea del Sud
67%
38.6 Georgia
67%
40,3 Russia
67%
38,4 Emirati Arabi Uniti
33%
35,6 Singapore
33%
Nessun quiz corrispondente trovato
Distribuzione punteggi
Percentuale di utenti per punteggio
Percentile per numero di risposta
I tuoi punteggi nel tempo
Non hai fatto questo quiz